| 000 | 00597nam a2200217Ii 4500 | ||
|---|---|---|---|
| 003 | JO-AjNU | ||
| 008 | 230606s9999||||xx |||||||||||||| ||und|| | ||
| 020 | _a0-13-552787-2 | ||
| 040 |
_aJO-AjNU _beng _erda _cJO-AjNU |
||
| 041 | _aeng | ||
| 050 | 1 | 4 | _aHD31.H6225.1990 |
| 100 | 3 |
_aHolt ,david h, _eauthor _92968 |
|
| 245 | 0 | 0 | _aManagement Principles and Practices |
| 250 | _a2nd ed | ||
| 264 | 3 | 1 | _aNEW Jersey:prentice Hall,1990 |
| 300 | _a708p | ||
| 336 |
_atext _btxt _2rdacontent |
||
| 337 |
_aunmediated _bn _2rdamedia |
||
| 338 |
_avolume _bnc _2rdacarrier |
||
| 650 | 4 |
_aMANAGEMENT _92969 |
|
| 999 |
_aE1555 _c1555 _d1555 |
||